000 00701cab a2200229 4500
001 WB3401-48
008 090401t1997 xxu||||| |||| 00| 0 eng d
035 _a(Sirsi) u82787
041 _aeng
245 _aRelocation grant from govt
260 _c1997
350 _a0
490 _aDETR News Release
_v(517/ENV) 16 December 1997, (2)
520 _aAnnounces new relocation grant to give extra financial help to families whose homes are being demolished, so they can stay within their home communities.
650 _aCOMPENSATION
650 _aDEMOLITION
650 _aHOUSING CLEARANCE SCHEMES
650 _aRELOCATION GRANTS
690 _aHOUSING
942 _n0
948 _c18/12/1997
999 _c52289
_d52289